A garden of integrals

Αποθηκεύτηκε σε:
Λεπτομέρειες βιβλιογραφικής εγγραφής
Κύριος συγγραφέας: Burk, Frank
Μορφή: Βιβλίο
Γλώσσα:English
Δημοσίευση: Washington, DC : Mathematical Association of America, c2007
Σειρά:Dolciani mathematical expositions ; ; 31
Θέματα:
Ετικέτες: Προσθήκη ετικέτας
Δεν υπάρχουν, Καταχωρήστε ετικέτα πρώτοι!

MARC

LEADER 00000nam a2200000 i 4500
001 1/82010
008 080411s2007 eng d
020 |a 978-0-88385-337-5 
035 |l 10096573 
040 |a GR-MY-UA  |b gre  |e aacr 
041 0 |a eng 
082 0 |a 515.43  |2 (22) 
100 1 |a Burk, Frank. 
245 1 2 |a A garden of integrals /  |c Frank Burk 
260 |a Washington, DC :   |b Mathematical Association of America,   |c c2007 
300 |a xiv, 281 σ.;  |b εικ.;  |c 24 εκ. 
490 1 |a The Dolciani mathematical expositions  |v ; 31 
504 |a Περιέχει βιβλιογραφικές παραπομπές και ευρετήριο 
650 0 0 |a Integrals. 
830 0 |a Dolciani mathematical expositions ;  |v ; 31 
852 |a INST  |b SAMOS  |e 20080411  |h 515.43 BUR  |p 005300030498  |q 005300030498  |t BK  |y 0 
901 |a BIBL3-2008-1 
909 |a Σ  |b 151972 
922 |a 3ΕΛΗ  |b 200803  |c ΕΠΕΑΕΚ2/ΤΜΗΜΑ ΜΑΘΗΜΑΤΙΚΩΝ  |d ΕΛΕΥΘΕΡΟΥΔΑΚΗΣ 
970 |a ΡΟΥΣΣΟΥ  |b ΚΩΝΣΤΑΝΤΙΝΑ  |z 2008/04/11